| 000 | 01646nam0a2200397 i 4500 | ||
|---|---|---|---|
| 001 | RU\NLR\bibl\1885953 | ||
| 005 | 20260608070050.0 | ||
| 010 |
_a9785903851515 _91500 |
||
| 021 |
_aRU _b2012-16905 _91272 |
||
| 035 | _a(NLR Aleph) 001875690 | ||
| 090 |
_a2721795 _c2721795 |
||
| 100 | _a20120330d2012 u y0rusy50 ca | ||
| 101 | 1 |
_arus _ceng |
|
| 102 | _aRU | ||
| 105 | _ay ||||||||| | ||
| 200 | 1 |
_aАюрведа: жизнь, здоровье, долголетие _fРоберт Э. Свобода _g[пер. с англ. А. Блейз и др.] |
|
| 205 | _a[4-е изд.] | ||
| 210 |
_aМосква _cСаттва _d2012 |
||
| 215 |
_a380 с. _d22 |
||
| 225 | 1 | _aАюрведа | |
| 300 | _aПер. изд.: Ayurveda: life, health and longevity / by Robert E. Svoboda. Arkana, 1992 | ||
| 320 | _aБиблиогр.: с. 348-350 | ||
| 320 | _aАлф. указ.: с. 357-377 | ||
| 320 | _aУказ. латин. назв. растений: с. 378-380 | ||
| 454 | 0 |
_12001#$aAyurveda$elife, health and longevity _1210##$aArkana$d1992 _1700#1$aSvoboda$bR. E.$gRobert E$4070 _tAyurveda _aSvoboda, Robert E |
|
| 606 |
_aЖизнь _xПродление _xРоль аюрведы _92340748 _3RU\NLR\auth\661399171 |
||
| 606 |
_aАюрведа _3RU\NLR\auth\66120439 _91113449 |
||
| 606 |
_aЗдоровье _xРоль аюрведы _92340746 _3RU\NLR\auth\661399170 |
||
| 686 | _aР359.12 | ||
| 686 | _aР120.4 | ||
| 700 | 1 |
_4070 _7ca _8rus _aСвобода _bР. Э. _f1953- _gРоберт Э. _9124402 _3RU\NLR\auth\7714734 |
|
| 801 | 0 |
_aRU _bNLR _c20120330 _gRCR |
|
| 801 | 1 |
_aRU _bNLR _c20120330 |
|
| 942 | _cBOOK | ||
| 980 | _aNBR | ||